| 000 | 00351cam a22001097a 4500 | ||
|---|---|---|---|
| 008 | 180718b1963 xxu||||| |||| 00| 0 eng d | ||
| 082 | _aP422x41 Un3 | ||
| 245 |
_aPrimary education: report _cby Scottish Education department |
||
| 260 |
_aEdinburgh _bHer Majesty's Stationery Office _c1963 |
||
| 300 | _a140p. | ||
| 700 | _aU.K. Scottish Education Department | ||
| 999 |
_c494633 _d494633 |
||